[Event "CZE-chT2D 2223"]
[Site "Czech Republic"]
[Date "2022.12.04"]
[Round "4.4"]
[White "Cechura, Petr"]
[Black "Jezbera, Jiri"]
[Result "1-0"]
[WhiteElo "2180"]
[BlackElo "2133"]
[PlyCount "73"]
[EventDate "2022.10.16"]
[EventType "team-tourn"]
[EventRounds "11"]
[EventCountry "CZE"]
[SourceTitle "EXT 2024"]
[Source "ChessBase"]
[SourceDate "2023.10.10"]
[SourceVersion "1"]
[SourceVersionDate "2023.10.10"]
[SourceQuality "1"]
[WhiteTeam "Lipa"]
[BlackTeam "Hradec Kralove Lipky"]
[WhiteTeamCountry "CZE"]
[BlackTeamCountry "CZE"]

1. e4 c5 2. Nf3 e6 3. d3 Nc6 4. g3 d5 5. Nbd2 Nf6 6. Bg2 Bd6 7. 0-0 0-0 8. Re1 Qc7 9. Qe2 dxe4 10. dxe4 e5 11. c3 Rb8 12. a4 a6 13. Nc4 Be7 14. Ncxe5 Nxe5 15. Nxe5 Be6 16. Nc4 b5 17. axb5 axb5 18. Bf4 Qc8 19. Nd6 Qc6 20. Nf5 Rbe8 21. Ra7 Nd7 22. Nxe7+ Rxe7 23. Qd2 Qb6 24. Rea1 Rc8 25. Bg5 f6 26. R1a6 Qxa7 27. Rxa7 fxg5 28. Qxg5 Rf7 29. f4 b4 30. f5 Bb3 31. Qd2 Ne5 32. Rxf7 Kxf7 33. Qd6 bxc3 34. bxc3 Nc6 35. e5 Nb8 36. Bd5+ Bxd5 37. Qxd5+ 1-0

[Event "Pardubice Czech op-B 32nd"]
[Site "Pardubice"]
[Date "2021.07.29"]
[Round "7"]
[White "Krupenko, Peter"]
[Black "Jezbera, Jiri"]
[Result "1/2-1/2"]
[WhiteElo "1917"]
[BlackElo "2141"]
[PlyCount "57"]
[EventDate "2021.07.24"]
[EventType "swiss"]
[EventRounds "9"]
[EventCountry "CZE"]
[SourceTitle "EXT 2022"]
[Source "ChessBase"]
[SourceDate "2021.10.06"]
[SourceVersion "1"]
[SourceVersionDate "2021.10.06"]
[SourceQuality "1"]

1. c4 Nf6 2. Nc3 g6 3. Nf3 Bg7 4. g3 d6 5. Bg2 0-0 6. 0-0 c6 7. d4 Nbd7 8. b3 Qc7 9. Bb2 Re8 10. Qc2 e5 11. dxe5 dxe5 12. Rad1 Nc5 13. Nd2 Rd8 14. Nde4 Bf5 15. Nxf6+ Bxf6 16. Ne4 Bg7 17. g4 Bxe4 18. Bxe4 Ne6 19. e3 Qe7 20. Bg2 Qh4 21. Qe2 f5 22. gxf5 gxf5 23. Qf3 Qg5 24. Qg3 f4 25. Qxg5 Nxg5 26. h4 Ne6 27. Bh3 Nc5 28. Ba3 Bf8 29. Bxc5 1/2-1/2

[Event "CZE-chT2D 1920"]
[Site "Czech Republic"]
[Date "2020.06.28"]
[Round "11.7"]
[White "Jezbera, Jiri"]
[Black "Vitova, Anna"]
[Result "1-0"]
[WhiteElo "2165"]
[BlackElo "1799"]
[PlyCount "53"]
[EventDate "2019.10.13"]
[EventType "team-tourn"]
[EventRounds "11"]
[EventCountry "CZE"]
[SourceTitle "EXT 2024"]
[Source "ChessBase"]
[SourceDate "2023.10.10"]
[SourceVersion "1"]
[SourceVersionDate "2023.10.10"]
[SourceQuality "1"]
[WhiteTeam "Hradec Kralove Slavia"]
[BlackTeam "Lipa"]
[WhiteTeamCountry "CZE"]
[BlackTeamCountry "CZE"]

1. e4 c5 2. Nc3 d6 3. f4 a6 4. a4 b6 5. Bc4 Bb7 6. Nf3 e6 7. d3 Nf6 8. Bb3 Nc6 9. 0-0 d5 10. f5 c4 11. Ba2 Bc5+ 12. Kh1 Ng4 13. fxe6 Nf2+ 14. Rxf2 Bxf2 15. exd5 Nb4 16. exf7+ Kf8 17. Ng5 Bxd5 18. Nxd5 Qxd5 19. Bxc4 Qe5 20. Bd2 Nd5 21. Qf3 h6 22. Ne6+ Qxe6 23. Bxd5 Qf6 24. Bb4+ Bc5 25. Bxc5+ bxc5 26. Qxf6 gxf6 27. Bxa8 1-0

[Event "Pardubice op rapid 30th"]
[Site "Pardubice"]
[Date "2019.07.19"]
[Round "8"]
[White "Jezbera, Jiri"]
[Black "Ludvik, Tomas"]
[Result "0-1"]
[WhiteElo "2133"]
[BlackElo "2334"]
[PlyCount "100"]
[EventDate "2019.07.17"]
[EventType "swiss (rapid)"]
[EventRounds "9"]
[EventCountry "CZE"]
[SourceTitle "CBM 191 Extra"]
[Source "ChessBase"]
[SourceDate "2019.09.30"]
[SourceVersion "1"]
[SourceVersionDate "2019.09.30"]
[SourceQuality "1"]

1. e4 e6 2. d4 d5 3. e5 c5 4. c3 Qb6 5. Nf3 Nc6 6. a3 Nh6 7. b4 cxd4 8. cxd4 Nf5 9. Bb2 Bd7 10. Be2 Na5 11. Nbd2 Rc8 12. Rc1 Rxc1 13. Qxc1 Nc6 14. Nb3 a6 15. g4 Nfe7 16. Nc5 Na7 17. Nxd7 Kxd7 18. 0-0 Ng6 19. Bd3 Be7 20. Kg2 Rc8 21. Qd2 Nb5 22. Ng5 Bxg5 23. Qxg5 Nc3 24. Qe3 Na4 25. Ba1 Qc6 26. f4 Nf8 27. f5 Ke8 28. Qg5 g6 29. b5 Qb6 30. fxg6 hxg6 31. Qf4 Rc7 32. bxa6 bxa6 33. Rb1 Qa7 34. Qd2 Nd7 35. Qa5 Nab6 36. h4 Nc4 37. Qb4 a5 38. Qa4 Ke7 39. h5 gxh5 40. gxh5 Ndxe5 41. dxe5 Qe3 42. Qd1 Qg5+ 43. Kf2 Qe3+ 44. Kg2 Qg5+ 45. Kh3 Qe3+ 46. Kh4 Qf2+ 47. Kg5 Qe3+ 48. Kg4 Nd2 49. Qe1 Qf3+ 50. Kg5 Qxd3 0-1

[Event "Pardubice op rapid 30th"]
[Site "Pardubice"]
[Date "2019.07.19"]
[Round "9"]
[White "Mogilny, Evgeny"]
[Black "Jezbera, Jiri"]
[Result "0-1"]
[WhiteElo "1717"]
[BlackElo "2133"]
[PlyCount "144"]
[EventDate "2019.07.17"]
[EventType "swiss (rapid)"]
[EventRounds "9"]
[EventCountry "CZE"]
[SourceTitle "CBM 191 Extra"]
[Source "ChessBase"]
[SourceDate "2019.09.30"]
[SourceVersion "1"]
[SourceVersionDate "2019.09.30"]
[SourceQuality "1"]

1. d4 Nf6 2. Nf3 g6 3. c4 Bg7 4. Nc3 0-0 5. e4 d6 6. Bd3 e5 7. d5 a5 8. h3 Na6 9. Be3 Nc5 10. Bc2 Nh5 11. Qd2 f5 12. Bh6 fxe4 13. Nxe4 Nf4 14. Bxf4 Nxe4 15. Bxe4 Rxf4 16. Qe2 Bf5 17. Nd2 Bxe4 18. Nxe4 Qd7 19. 0-0-0 Raf8 20. f3 a4 21. Kb1 Rb8 22. c5 dxc5 23. Nxc5 Qf5+ 24. Ne4 b5 25. d6 cxd6 26. Rxd6 Bf8 27. Rf6 Qc8 28. Rc1 Qd8 29. Rxf4 exf4 30. Rd1 Qe7 31. Qd3 Bg7 32. Qd5+ Kh8 33. Ng5 h6 34. Ne4 Qb4 35. Qd2 Qc4 36. Rc1 Qe6 37. Qd6 Qxd6 38. Nxd6 b4 39. Rc4 a3 40. b3 Kh7 41. Kc2 g5 42. h4 Kg6 43. hxg5 hxg5 44. Ne4 Bf8 45. Rc6+ Kh5 46. Nf6+ Kh4 47. Nd7 Rd8 48. Nxf8 Rxf8 49. Rc5 Rg8 50. Kd2 Kg3 51. Kd3 Kxg2 52. Ke4 g4 53. Rc2+ Kg3 54. fxg4 f3 55. Kf5 Rxg4 56. Rc1 Rf4+ 57. Ke5 Rh4 58. Rg1+ Kh2 59. Rg8 f2 60. Rf8 Kg1 61. Rg8+ Kf1 62. Kd5 Rf4 63. Kc5 Ke2 64. Re8+ Kf3 65. Rd8 f1Q 66. Kb6 Qf2+ 67. Ka5 Qc5+ 68. Ka4 Qa7+ 69. Kb5 Qb7+ 70. Ka4 Qc6+ 71. Ka5 Qc7+ 72. Ka4 Qxd8 0-1

[Event "Pardubice op rapid 30th"]
[Site "Pardubice"]
[Date "2019.07.17"]
[Round "1"]
[White "Belyakov, Bogdan"]
[Black "Jezbera, Jiri"]
[Result "1-0"]
[WhiteElo "2500"]
[BlackElo "2133"]
[PlyCount "125"]
[EventDate "2019.07.17"]
[EventType "swiss (rapid)"]
[EventRounds "9"]
[EventCountry "CZE"]
[SourceTitle "CBM 191 Extra"]
[Source "ChessBase"]
[SourceDate "2019.09.30"]
[SourceVersion "1"]
[SourceVersionDate "2019.09.30"]
[SourceQuality "1"]

1. e4 c5 2. c3 e6 3. d4 d5 4. e5 Nc6 5. Nf3 Qb6 6. a3 c4 7. Nbd2 Na5 8. g3 Bd7 9. h4 Ne7 10. Bh3 Nb3 11. Nxb3 Ba4 12. 0-0 Qxb3 13. Qe1 h6 14. Nd2 Qb6 15. Qe2 Qc7 16. f4 g6 17. h5 Nf5 18. Kh2 0-0-0 19. Nf3 Kb8 20. hxg6 fxg6 21. g4 Ng7 22. Nh4 Be8 23. f5 gxf5 24. gxf5 exf5 25. Nxf5 Nxf5 26. Bxf5 Be7 27. Bf4 Ka8 28. Qg4 Bg5 29. Bg3 Rg8 30. Qh3 Qb6 31. Rf2 a6 32. Raf1 Bg6 33. Bxg6 Rxg6 34. Kh1 Ka7 35. Re2 Rdg8 36. Bh2 Be7 37. Qd7 Qe6 38. Qxe6 Rxe6 39. Rg2 Rxg2 40. Kxg2 Rb6 41. Rf2 Bg5 42. Rc2 Rg6 43. Kf3 Kb6 44. Kg4 Kc6 45. Kf5 Rg8 46. e6 Rf8+ 47. Kg4 Rg8 48. Re2 b5 49. Kh5 Be7 50. Kxh6 a5 51. Kh7 Rg4 52. Be5 Rg1 53. Rf2 b4 54. axb4 axb4 55. Rf7 bxc3 56. bxc3 Ba3 57. Rc7+ Kb6 58. e7 Bxe7 59. Rxe7 Rc1 60. Rd7 Rxc3 61. Rxd5 Re3 62. Rc5 c3 63. Kg6 1-0

[Event "CZE-chT1W 1819"]
[Site "Czech Republic"]
[Date "2019.03.03"]
[Round "9.7"]
[White "Cuhra, Martin"]
[Black "Jezbera, Jiri"]
[Result "1-0"]
[WhiteElo "2233"]
[BlackElo "2097"]
[PlyCount "71"]
[EventDate "2018.10.21"]
[EventType "team-tourn"]
[EventRounds "11"]
[EventCountry "CZE"]
[SourceTitle "CBM 189 Extra"]
[Source "ChessBase"]
[SourceDate "2019.06.03"]
[SourceVersion "1"]
[SourceVersionDate "2019.06.03"]
[SourceQuality "1"]
[WhiteTeam "Praha Oaza"]
[BlackTeam "Hradec Kralove"]
[WhiteTeamCountry "CZE"]
[BlackTeamCountry "CZE"]

1. e4 c5 2. Nf3 e6 3. d4 cxd4 4. Nxd4 Nf6 5. Nc3 Bb4 6. Bd3 d5 7. exd5 Nxd5 8. Bd2 Nxc3 9. bxc3 Be7 10. Qf3 Nd7 11. 0-0 0-0 12. Rad1 Nf6 13. Rfe1 Qd5 14. Qg3 Bd6 15. Qh4 Qh5 16. Qxh5 Nxh5 17. Be4 Bf4 18. Bxf4 Nxf4 19. Nb5 a6 20. Nd6 Rb8 21. h4 b6 22. Bf3 Ng6 23. h5 Nh4 24. Bc6 h6 25. Rd4 Nf5 26. Nxf5 exf5 27. Bd5 Bb7 28. Bb3 Bc6 29. Re7 Rb7 30. Rxb7 Bxb7 31. Rd7 Bc8 32. Rd6 b5 33. c4 Be6 34. c5 a5 35. Rxe6 a4 36. Bd5 1-0

[Event "Pardubice Czech op-A 29th"]
[Site "Pardubice"]
[Date "2018.07.20"]
[Round "1"]
[White "Pulpan, Jakub"]
[Black "Jezbera, Jiri"]
[Result "1-0"]
[WhiteElo "2386"]
[BlackElo "2136"]
[PlyCount "85"]
[EventDate "2018.07.20"]
[EventType "swiss"]
[EventRounds "9"]
[EventCountry "CZE"]
[SourceTitle "CBM 185 Extra"]
[Source "ChessBase"]
[SourceDate "2018.07.29"]
[SourceVersion "1"]
[SourceVersionDate "2018.07.29"]
[SourceQuality "1"]

1. Nf3 Nf6 2. b3 g6 3. Bb2 Bg7 4. g3 d6 5. d4 0-0 6. Bg2 c6 7. 0-0 Qc7 8. Nbd2 Nbd7 9. e4 e5 10. dxe5 dxe5 11. Qe2 Re8 12. a4 b6 13. a5 Ba6 14. Nc4 Nc5 15. axb6 axb6 16. Bxe5 Rxe5 17. Nfxe5 Re8 18. Nd3 Bxc4 19. bxc4 Ncxe4 20. Rfe1 Nd6 21. Qf3 Nfe4 22. Rad1 f5 23. Nf4 Nxc4 24. Qb3 b5 25. Bf1 Qf7 26. Bxc4 bxc4 27. Qb6 g5 28. Ng2 Rc8 29. Rd8+ Rxd8 30. Qxd8+ Qf8 31. Qxf8+ Bxf8 32. Ne3 Bc5 33. Kg2 Bxe3 34. Rxe3 Kf7 35. f3 Nd6 36. Re5 Kf6 37. Rc5 h5 38. Kf2 g4 39. Ke3 gxf3 40. Kxf3 Ne4 41. Rxc6+ Ke5 42. Ke3 Nd6 43. Rxd6 1-0

[Event "Pardubice op rapid 28th"]
[Site "Pardubice"]
[Date "2017.07.20"]
[Round "7"]
[White "Jezbera, Jiri"]
[Black "Zdrazil, Tomas"]
[Result "0-1"]
[WhiteElo "2118"]
[BlackElo "2078"]
[PlyCount "92"]
[EventDate "2017.07.19"]
[EventType "swiss (rapid)"]
[EventRounds "9"]
[EventCountry "CZE"]
[SourceTitle "CBM 179 Extra"]
[Source "ChessBase"]
[SourceDate "2017.08.23"]
[SourceVersion "1"]
[SourceVersionDate "2017.08.23"]
[SourceQuality "1"]

1. e4 c5 2. Nc3 e6 3. Bc4 a6 4. a4 Nc6 5. f4 Nge7 6. Ba2 d5 7. e5 Nf5 8. Nf3 Be7 9. d3 b6 10. 0-0 Bb7 11. Ne2 h5 12. c3 d4 13. Ng3 Nxg3 14. hxg3 Qd7 15. Qe2 g6 16. Bb3 0-0-0 17. Bc2 h4 18. g4 h3 19. g5 hxg2 20. Kxg2 Rh5 21. Bd2 c4 22. Rad1 dxc3 23. Bxc3 Nd4 24. Bxd4 Qxd4 25. Kg3 Qxb2 26. Rh1 Rxh1 27. Rxh1 cxd3 28. Bxd3 Qxe2 29. Bxe2 Bc5 30. Rh7 Rd7 31. Bc4 Kc7 32. Ne1 Bc6 33. Nd3 Bxa4 34. Nxc5 bxc5 35. Bxa6 Kb6 36. Be2 Bb5 37. Bf3 c4 38. Be4 Kc5 39. Kf3 Bc6 40. Bxc6 Kxc6 41. Ke3 Kc5 42. Rh8 Kb4 43. Rc8 Kb3 44. Rb8+ Kc2 45. Rc8 c3 46. Ke4 Kd2 0-1

[Event "Pardubice op rapid 28th"]
[Site "Pardubice"]
[Date "2017.07.20"]
[Round "8"]
[White "Slovak, Kilian"]
[Black "Jezbera, Jiri"]
[Result "0-1"]
[WhiteElo "2254"]
[BlackElo "2118"]
[PlyCount "90"]
[EventDate "2017.07.19"]
[EventType "swiss (rapid)"]
[EventRounds "9"]
[EventCountry "CZE"]
[SourceTitle "CBM 179 Extra"]
[Source "ChessBase"]
[SourceDate "2017.08.23"]
[SourceVersion "1"]
[SourceVersionDate "2017.08.23"]
[SourceQuality "1"]

1. e4 c5 2. Nf3 e6 3. d4 cxd4 4. Nxd4 Nf6 5. Nc3 Bb4 6. e5 Ne4 7. Qd3 Nxc3 8. bxc3 Be7 9. Be2 a6 10. 0-0 Nc6 11. f4 0-0 12. Kh1 f5 13. exf6 Bxf6 14. Be3 Ne7 15. c4 d6 16. Rad1 Qc7 17. Bg4 Nf5 18. Nxf5 exf5 19. Bxf5 Bxf5 20. Qxf5 Qxc4 21. Rfe1 Qxa2 22. Qe4 b5 23. Rxd6 Rae8 24. Qd3 Rc8 25. h3 Rc3 26. Qe4 Qxc2 27. Qd5+ Kh8 28. Rd7 Rxe3 29. Rd1 Qc4 30. Qb7 Qe4 31. Rf7 Re8 32. Qd7 Re1+ 33. Rxe1 Qxe1+ 34. Kh2 h6 35. Qd6 Qe6 36. Qc7 b4 37. Qb7 a5 38. Rc7 b3 39. Qb5 b2 40. Rb7 Qe4 41. Qxa5 Qxf4+ 42. Kh1 Qf1+ 43. Kh2 Be5+ 44. g3 Qf2+ 45. Kh1 Qf3+ 0-1

[Event "Pardubice op rapid 28th"]
[Site "Pardubice"]
[Date "2017.07.19"]
[Round "3"]
[White "Jezbera, Jiri"]
[Black "Haase, Pavel"]
[Result "0-1"]
[WhiteElo "2118"]
[BlackElo "2103"]
[PlyCount "76"]
[EventDate "2017.07.19"]
[EventType "swiss (rapid)"]
[EventRounds "9"]
[EventCountry "CZE"]
[SourceTitle "CBM 179 Extra"]
[Source "ChessBase"]
[SourceDate "2017.08.23"]
[SourceVersion "1"]
[SourceVersionDate "2017.08.23"]
[SourceQuality "1"]

1. e4 c5 2. Nc3 d6 3. f4 Nc6 4. Nf3 e6 5. Bc4 Be7 6. a4 Nf6 7. Ba2 0-0 8. 0-0 a6 9. d3 Rb8 10. Ne2 b5 11. c3 Qb6 12. Kh1 c4 13. Bb1 cxd3 14. Bxd3 Bb7 15. axb5 axb5 16. h3 b4 17. Ng3 bxc3 18. bxc3 Qc5 19. Bd2 Na5 20. Nd4 Nc4 21. Bc1 Ra8 22. Rb1 Ba6 23. Qe2 Na3 24. Bxa3 Qxa3 25. Nc6 Bd8 26. Nxd8 Bxd3 27. Qxd3 Rfxd8 28. f5 Rac8 29. fxe6 Rxc3 30. e7 Rdc8 31. Qb5 Rxg3 32. Rxf6 gxf6 33. Qd7 Qa8 34. Qxd6 Rxh3+ 35. Kg1 Qa7+ 36. Qb6 Qxb6+ 37. Rxb6 Rhc3 38. Rd6 Re8 0-1